[Event "RUS-ch 53rd"]
[Site "Samara"]
[Date "2000.06.18"]
[Round "2"]
[White "Najer, Evgeniy"]
[Black "Sergienko, Sergey"]
[Result "1/2-1/2"]
[WhiteElo "2572"]
[BlackElo "2425"]
[Annotator "Krasenkow,M"]
[PlyCount "46"]
[EventDate "2000.06.03"]
[EventType "swiss"]
[EventRounds "11"]
[EventCountry "RUS"]
[SourceTitle "CBM 078"]
[Source "ChessBase"]
[SourceDate "2000.10.18"]
[SourceVersion "1"]
[SourceVersionDate "2000.10.18"]
[SourceQuality "1"]

1. d4 Nf6 2. Nf3 g6 3. c4 Bg7 4. Nc3 d5 5. cxd5 Nxd5 6. e4 Nxc3 7. bxc3 c5 8.
Rb1 O-O 9. Be2 Nd7 {A quiet line yielding White a small advantage (the d4
point is not attacked anymore).} 10. O-O Nf6 {This move should be made before .
..b7-b6 otherwise after} (10... b6 11. e5 {[%csl Rd7] the d7 knight is
seriously constricted.}) (10... Qc7 $5 {is possible first, e.g.:} 11. Bg5 Nf6
12. Bd3 (12. Qd3 h6 (12... e6 13. Rfd1 b6 14. Ne5 Bb7 15. Bf3 Rac8 16. Qe3 Nd7
17. Nxd7 Qxd7 18. dxc5 Qa4 19. Be7 Rfe8 20. Bd6 Red8 21. h3 Ba8 22. e5 bxc5 23.
Bxa8 Rxa8 24. Qf3 Rac8 25. Rb7 Rd7 26. Rdb1 Qxa2 27. Rb8 Rf8 28. Bxf8 Bxf8 29.
Qf6 {1-0 Petursson,M-Cocozza,M/Thessaloniki olm 1984}) 13. Bd2 b6 14. d5 e6 15.
d6 Qc6 16. e5 Nd7 17. Bf4 Bb7 18. Qe3 Qe4 19. Qd2 Nxe5 20. Rfe1 Nc4 21. Qc1 g5
22. Bg3 Bd5 23. h4 f6 24. hxg5 hxg5 25. Bf1 Qg4 26. Nd2 e5 27. Re4 Bxe4 28.
Bxc4+ Kh8 29. Nxe4 Qxe4 30. Qf1 f5 31. Re1 Qc6 32. Bxe5 Bxe5 33. Rxe5 Qxd6 34.
Re6 Qd2 35. g3 g4 36. Qg2 Qc1+ 37. Bf1 Rae8 38. Qh1+ Kg7 39. Rd6 Qg5 40. Qd5
Re7 41. Bc4 Qc1+ 42. Kg2 Qxc3 {0-1 Vavrak,P-Turov,M/16th open 2000}) 12... h6
13. Bd2 Rd8 14. Qc1 cxd4 15. cxd4 Qxc1 16. Rfxc1 Ne8 17. Be3 b6 18. Bb5 Bb7 19.
Bc6 Bxc6 20. Rxc6 Nf6 21. Nd2 Rac8 22. Rbc1 Rxc6 23. Rxc6 Ng4 {1/2-1/2
Eriksson,J-Skytte,R/Stockholm IM 2000}) 11. Bd3 {This arrangement of the white
pieces is more fortunate than} (11. Qd3 b6 12. Bg5 (12. h3 $2 Nxe4 13. Qxe4 Bf5
14. Qh4 Bxb1 15. Bc4 b5 16. Bh6 bxc4 17. Rxb1 Bf6 18. Qe4 Re8 19. Ne5 cxd4 20.
cxd4 Qa5 21. d5 Qc3 22. Nxf7 Qd3 23. Ng5 Bxg5 24. Qxd3 cxd3 25. Bxg5 Rad8 26.
Rb5 Rb8 {0-1 Nickl,K-Wittmann,W/AUT-ch qual 1991}) (12. d5 $2 Nxe4 13. Qxe4 Bf5
14. Qh4 Bxb1 15. Bh6 Bxa2 16. Ng5 Bf6 17. Rd1 c4 18. Qh3 Bxg5 19. Bxg5 Qd6 20.
Rd4 Qe5 21. Be3 f5 22. Rd2 Bb3 23. Bd4 Qf4 24. Be3 Qd6 25. Qh6 a5 26. Bd4 Rf7
27. g4 a4 28. gxf5 a3 29. Bg4 a2 30. fxg6 a1=Q+ 31. Rd1 Qxd1+ {0-1 Galonska,
J-Timmer,R/Dortmund op 1988}) (12. Bf4 cxd4 13. cxd4 Bb7 14. Nd2 Qd7 15. d5
Rac8 16. Qb3 Rc5 17. Be3 Rc7 18. Bb5 Qc8 19. Qa3 Ne8 20. Rbc1 Nd6 21. Rxc7 Qxc7
22. Rc1 Qd8 23. Bc6 Bxc6 24. dxc6 Qc7 25. Bf4 e5 26. Be3 Nb5 {Kadar,G-Konopka,
M/Zalakaros op 1995/0-1 (54)}) 12... Qc7 13. h3 h6 (13... Bb7 14. d5 c4 15. Qe3
Ne8 16. Bf4 Nd6 17. Nd4 Qd7 18. Rb4 Rac8 19. Rd1 Rc5 20. a4 Bc8 21. e5 Nf5 22.
Nxf5 Qxf5 23. Rd2 h5 24. Bxc4 Bb7 25. Bd3 Qc8 26. c4 Ba6 27. Qe4 Re8 28. Bg5
Rc7 29. g4 hxg4 30. hxg4 Qd7 31. e6 fxe6 32. Qxg6 exd5 33. Bf5 Qd8 34. Qh7+ Kf8
35. Be6 {1-0 Cruz Lopez Claret,C-Iglesias,F/La Coruna op 1996}) 14. Be3 e6 15.
Nd2 Bb7 16. Rbc1 Rfd8 17. Qb1 Rac8 18. f4 Qb8 19. Bf3 cxd4 20. cxd4 Rxc1 21.
Rxc1 Ne8 22. f5 exf5 23. exf5 g5 24. Qd3 Nf6 25. Bf2 Nd5 {Lugovoi,
A-Tseshkovsky,V/RUS-chT Kazan 1995/0-1 (41)}) 11... b6 (11... Qc7 $5 12. h3 Bd7
13. Ne5 Rad8 14. Bf4 Qc8 15. Re1 Be8 16. d5 Nd7 17. Nxd7 Bxd7 {1/2-1/2 Garcia
Ilundain,D-De Boer,G/Groningen op 1991}) 12. Re1 (12. h3 Bb7 (12... Qc7 13. d5
Nh5 14. Qd2 e5 15. Re1 Qd6 16. Qe2 Bd7 {1/2-1/2 Sapis,W-Macieja,B/ch-POL,
Ksiaz POL 1998}) 13. Qe2 Rc8 14. d5 c4 15. Bxc4 Qc7 16. Bb3 Qxc3 17. Rd1 Qb4
18. Ng5 Qc5 19. Bb2 h6 20. Bd4 Qa5 21. Nf3 Nd7 22. e5 Bxd5 23. Bxd5 Qxd5 24.
Bxb6 Qe6 25. Bd4 Nb6 26. Bxb6 axb6 27. Qe3 Qxa2 28. e6 Qxe6 29. Qxe6 fxe6 30.
Rxb6 Rfd8 31. Re1 Kf7 32. Rbxe6 Rc1 33. Rxc1 Kxe6 {.../60/ 1/2-1/2 Bluhm,G-Von
Gleich,A/BL2-W 1989}) 12... Qc7 13. d5 (13. Bd2 e6 14. e5 Nd5 15. Ng5 Bb7 16.
Qg4 Ne7 17. Qh3 h6 18. Ne4 Bxe4 19. Bxe4 Rad8 20. Bxh6 cxd4 21. cxd4 Rxd4 22.
Bxg7 Kxg7 23. Qf3 Qxe5 24. Bxg6 Qf6 25. Be4 Qxf3 26. Bxf3 Rc8 27. Red1 Rxd1+ {
Wells,P-Mohr,S/Gausdal AC 1989/0-1 (40)}) 13... c4 14. Bf1 Ng4 15. h3 Ne5 16.
Bf4 Bd7 17. Nxe5 Bxe5 18. Bxe5 Qxe5 19. Qd2 (19. Bxc4 Qxc3 (19... Rac8 $5) 20.
Rc1 Qe5 {doesn't give White any real advantage.}) 19... Rac8 20. f4 (20. g3 $5
{/\Bg2,f4,e5}) 20... Qd6 21. Qe3 ({Now after} 21. e5 Qc5+ 22. Kh2 Rfd8 {
White has problems saving his d5 pawn.}) 21... f5 22. exf5 Bxf5 23. Rbd1 Rc7 (
23... Rc7 24. Rd4 {[%cal Yg2g4]} Bd3 $1 $11 (24... b5 25. g4 Bd3 26. Bg2))
1/2-1/2

[Event "Pula zt 1.2"]
[Site "Pula"]
[Date "2000.04.22"]
[Round "11"]
[White "Huzman, Alexander"]
[Black "Sutovsky, Emil"]
[Result "0-1"]
[WhiteElo "2574"]
[BlackElo "2597"]
[Annotator "Krasenkow,M"]
[PlyCount "80"]
[EventDate "2000.04.11"]
[EventType "swiss"]
[EventRounds "11"]
[EventCountry "CRO"]
[SourceTitle "CBM 077"]
[Source "ChessBase"]
[SourceDate "2000.07.27"]
[SourceVersion "1"]
[SourceVersionDate "2000.07.27"]
[SourceQuality "1"]

1. d4 Nf6 2. Nf3 g6 3. c4 Bg7 4. Nc3 d5 5. cxd5 Nxd5 6. e4 Nxc3 7. bxc3 c5 8.
Bb5+ Nd7 $5 {This leads to a more complicated play than} (8... Nc6) 9. O-O O-O
10. Bg5 h6 (10... Nf6 11. Qc2 h6 12. Bxf6 Bxf6 13. e5 Bg7 14. Bc4 Bf5 15. Qb3
Rb8 16. e6 b5 17. exf7+ Kh7 18. Be2 c4 19. Qa3 a5 20. Rad1 Rxf7 21. Rfe1 Qc7
22. Qc1 Rb6 23. Ne5 Bxe5 24. dxe5 Rf8 25. Rd4 {Flear,G-Gutman,L/Wijk 1987/1-0 
(49)}) (10... a6 $5 11. Bd3 b5 $5 (11... Qe8 12. e5 $1 b5 13. a4 Rb8 14. axb5
axb5 15. Re1 cxd4 16. cxd4 Nb6 17. Qb3 $1 $16 {Gurevich,M-Roos,D/France 1993})
12. Qc1 (12. a4 Bb7 13. axb5 axb5 14. Rb1 b4 $13 {Gurevich,M}) 12... Bb7 13. a4
b4 14. a5 cxd4 15. cxd4 Ne5 $1 16. Nxe5 Qxd4 17. Bxe7 Bxe5 18. Qc5 Qxc5 19.
Bxc5 Bxa1 20. Bxf8 Bc3 21. Bd6 (21. Bxb4 $2 Bxb4 22. Rb1 Rd8 23. Bc4 Bc6 $19)
21... Re8 22. e5 b3 23. Rb1 Bxe5 24. Bxe5 Rxe5 25. f3 Rxa5 26. Rxb3 Bd5 {
Biriukov,O-Khalifman,A/St Petersburg-ch 1998/0-1 (42)}) 11. Bf4 $6 {This move
was recommended by Ftacnik. However, this bishop is rarely placed well on f4.}
(11. Bh4 Nf6 12. Re1 Nh5 (12... Qa5 13. Bc4 b5 14. Bd5 Nxd5 15. exd5 g5 16. Bg3
cxd4 17. Be5 dxc3 18. Bxg7 Kxg7 19. Qd4+ Kg8 20. h4 $44 {1/2-1/2 Votava,
J-Jansa,V/Czech League 97/98 1997 (46)}) 13. Rc1 g5 14. Nxg5 $6 hxg5 15. Bxg5
Nf6 16. Bxf6 exf6 17. Re3 cxd4 18. cxd4 f5 19. Rg3 f4 20. Rd3 Qg5 21. Rc5 Qg6 {
0-1 Alburt,L-Ftacnik,L/Hastings 1980 (32)}) (11. Be3 Nf6 12. Bd3 Ng4 13. e5
Nxe3 14. fxe3 Be6 15. Be4 Bd5 16. Qd3 cxd4 17. cxd4 Qd7 18. Rfc1 Rfc8 19. Bxd5
Qxd5 20. Qb3 Qd7 21. Rab1 b6 22. a4 Rxc1+ 23. Rxc1 Rc8 24. Rc4 e6 25. e4 Bf8 {
Nenashev,A-Odeev,H/12th Asian Cities 2000/0-1 (37)}) 11... Qa5 $5 (11... Nf6
12. Qd3 (12. Re1 Bg4 13. Be5 {+/=,Ftacnik,V} Qa5 $15) 12... a6 13. Ba4 b5 14.
Bc2 $13) 12. Qb3 g5 13. Bxd7 $6 {Alexander probably intended to take on b7 at
the next move, otherwise this exchange makes no sense.} (13. Be3 Nf6 14. Bd3
$13 (14. e5 Ne4)) 13... Bxd7 14. Be5 ({The point is that to} 14. Qxb7 {Black
replies} Qb5 $1 {White can now keep material balance but obtains an inferior
endgame with a destroyed pawn structure:} 15. Rfb1 (15. Qxb5 Bxb5 16. Rfb1 Bd3)
15... Qxb7 16. Rxb7 Bc6 (16... Bc8 $6 17. Rb8 Rxb8 18. Bxb8) 17. Rc7 Rfc8 (
17... Bxe4 18. Be3 Bxf3 19. gxf3 cxd4 20. Bxd4 Bxd4 21. cxd4 e6 $15) 18. Rxc8+
(18. d5 gxf4 19. Rxc6 Rxc6 20. dxc6 Rc8 $15) 18... Rxc8 19. Be3 cxd4 20. Bxd4
Bxe4 $15) 14... Qb5 {Of course, the exchange os queens is favourable for Black.
In the position with an asymmetric pawn structure his bishop will be stronger
than the white knight.} 15. Bxg7 (15. dxc5 $5 Qxc5 16. Bxg7 Kxg7 17. Qxb7 Bb5
18. Rfc1 Rab8 19. Qd5 Qxd5 20. exd5 Rfc8 $44) 15... Kxg7 16. Qa3 b6 17. Ne5 Qa4
18. Qb2 cxd4 19. Nxd7 Qxd7 20. cxd4 Rac8 21. Rac1 Rxc1 22. Rxc1 Rc8 23. Rxc8
Qxc8 {White has carefully defended exchanging the black bishop. The game
should now end in a draw. However, Black has an important advantage: in many
situations White can't exchange queens because of Black's outside passed pawn!}
24. g3 {A normal move but now the e4 pawn becomes weak.} (24. d5+ f6 25. Qa3
Kf7 26. f3 a5 (26... Qc5+ $2 27. Qxc5 bxc5 28. Kf2 e6 29. Ke3 exd5 30. exd5 Ke7
31. Kd3 Kd6 32. Kc4 h5 33. g4 h4 34. h3 $18) 27. Qa4 Qc1+ 28. Kf2 Qd2+ 29. Kf1
b5 $1 30. Qxb5 Qxa2 $15) 24... Qa6 $1 {An important move. Black takes the a2
pawn under attack, prevents Qa3 and prepares ...Qd3(e2).} (24... Qc4 25. d5+ f6
26. Qa3 $1 Qxe4 27. Qxa7 $11) 25. d5+ f6 26. Qc2 {After this move the problem
is whether White will be able to play Qc7 or not.} (26. Qb4 $1 Kf7 27. Qb3 $1 (
27. a4 Qd3) 27... Kf8 (27... Qe2 28. d6+ e6 $2 29. Qa4) 28. d6 $1 exd6 29. Qe6
$11 {was probably the simplest way to the draw.}) 26... Qa5 27. Kf1 (27. Kg2
Qb4) 27... Qb4 28. Ke2 Qd4 29. f3 h5 30. Qd2 Qg1 31. Kd3 b5 32. e5 $5 {White
doesn't want to defend passively and attempts to break through.} Qf1+ 33. Kc2
Qa1 ({After} 33... Qxf3 34. d6 exd6 35. exd6 Qc6+ 36. Kb2 Qd7 37. Qd5 {the
strong d6 pawn guarantees White a draw.}) 34. exf6+ Kxf6 35. Qc3+ $2 {A
mistake (in the time trouble?). The pawn endgame turns out to be lost for
White.} (35. Kb3 a5 (35... Qe5 36. Kb4 $11) 36. d6 Qb1+ 37. Ka3 $11) 35...
Qxc3+ 36. Kxc3 Ke5 37. Kb4 Kxd5 38. Kxb5 e5 $1 {[%cal Rg5g4]} 39. h4 (39. h3
Kd4 $19) 39... a6+ $1 {This is what White probably overlooked. Now Black's
continuation depends on the retreat of Whie's king.} (39... g4 40. fxg4 e4 41.
gxh5 e3 42. h6 e2 43. h7 e1=Q 44. h8=Q $11) (39... gxh4 40. gxh4 Kd4 41. Kc6
Ke3 42. Kd5 Kxf3 43. Kxe5 Kg4 44. a4 a5 45. Ke4 Kxh4 46. Kf4 Kh3 47. Kf3 h4 48.
Kf2 Kg4 49. Kg2 $11 {- a theoretical draw.}) 40. Kb4 (40. Kxa6 g4 41. fxg4 e4
42. gxh5 Ke6 $19) (40. Ka5 g4 $1 (40... gxh4 41. gxh4 Kd4 42. Kxa6 Ke3 43. a4
Kxf3 44. Kb5 $11) 41. fxg4 e4 42. Kb4 e3 43. Kc3 Ke4 $19) 40... gxh4 (40...
gxh4 41. gxh4 Kd4 42. Ka5 Ke3 43. Kxa6 Kxf3 $19) 0-1

[Event "RUS-ch 53rd"]
[Site "Samara"]
[Date "2000.06.17"]
[Round "1"]
[White "Shcherbakov, Ruslan"]
[Black "Riazantsev, Alexander"]
[Result "1/2-1/2"]
[WhiteElo "2552"]
[BlackElo "2442"]
[Annotator "Krasenkow,M"]
[PlyCount "41"]
[EventDate "2000.06.03"]
[EventType "swiss"]
[EventRounds "11"]
[EventCountry "RUS"]
[SourceTitle "CBM 078"]
[Source "ChessBase"]
[SourceDate "2000.10.18"]
[SourceVersion "1"]
[SourceVersionDate "2000.10.18"]
[SourceQuality "1"]

1. d4 Nf6 2. c4 g6 3. Nc3 d5 4. cxd5 Nxd5 5. e4 Nxc3 6. bxc3 Bg7 7. Be3 c5 8.
Qd2 cxd4 9. cxd4 Nc6 10. Rd1 O-O 11. d5 {A fresh attempt to avoid theoretical
lines after} (11. Nf3 Qa5 {-see CBM62}) 11... Ne5 ({After} 11... Na5 {Black
has problems with his knight, e.g.} 12. Be2 Bd7 13. Nf3 Rc8 14. Rc1 Rxc1+ 15.
Qxc1 b6 16. O-O Bg4 17. h3 Bxf3 18. Bxf3 Qd7 19. Be2 Rc8 20. Qb1 {[%cal Re2g4]}
h5 21. Bb5 Qd6 22. Bd2 Bd4 23. Kh1 e5 24. Bb4 Bc5 25. Rc1 Rb8 26. a3 {Kozul,
Z-Laketic,G/Open 1999/1-0 (56)}) 12. Bd4 {[%cal Yf2f4]} (12. Be2 Bd7 13. f4 Ng4
14. Bxg4 {1/2-1/2 Sherbakov,R-Kreiman,B/Open 1998} (14. Bd4 Bxd4 15. Qxd4 Qa5+
16. Qd2 Qb6 {is good for Black})) 12... Nd7 13. Bxg7 Kxg7 14. Ne2 {This
manoeuvre should be connected with an action like h4-h5 or f4-f5 but White has
no time for it because of his insufficient development.} (14. Nf3 {needs
further tests}) 14... Nb6 15. Ng3 (15. e5 $5 {preventing ...Qd6}) 15... Qd6 16.
Be2 Bd7 17. h4 h5 18. Qb2+ f6 19. O-O Rac8 20. Rc1 Rxc1 21. Rxc1 (21. Rxc1 Rc8
$11) 1/2-1/2

[Event "Linares Anibal op 07th"]
[Site "Linares"]
[Date "2000.01.11"]
[Round "5"]
[White "Estremera Panos, Sergio"]
[Black "Yandemirov, Valeri"]
[Result "1/2-1/2"]
[WhiteElo "2387"]
[BlackElo "2481"]
[Annotator "Krasenkow,M"]
[PlyCount "91"]
[EventDate "2000.01.07"]
[EventType "swiss"]
[EventRounds "10"]
[EventCountry "ESP"]
[SourceTitle "CBM 075"]
[Source "ChessBase"]
[SourceDate "2000.04.05"]
[SourceVersion "1"]
[SourceVersionDate "2000.04.05"]
[SourceQuality "1"]

1. d4 Nf6 2. c4 g6 3. Nc3 d5 4. cxd5 Nxd5 5. e4 Nxc3 6. bxc3 Bg7 7. Nf3 c5 8.
Bb5+ Nc6 9. O-O O-O 10. Be3 cxd4 11. cxd4 Bg4 12. Bxc6 bxc6 13. Rc1 Bxf3 14.
Qxf3 Bxd4 15. Rfd1 e5 {After the famous game Kramnik - Shirov (Wijk aan Zee
1999 - see CBM69) Black doesn't take a risk playing} (15... c5 16. Rxc5 Bxe3
17. Rxd8 Bxc5) 16. Rxc6 Qd7 $5 $146 {This move is not as obvious as it looks.
It doesn't force White to exchange the bishops. Before this game Black prefered
} (16... Qe8 {, e.g.} 17. Rdc1 Bxe3 18. Qxe3 Qd7 19. h4 $14 {1/2-1/2
Kalinitschew,S-Holzke,F/Porz 1992 (35) - CBM69}) 17. Qf6 {[%cal Re3h6] This
seemingly formidable move is, in fact, quite harmless. However, strangely
enough, it is not easy to find a good square for the rook to retreat!} (17. Rc5
{(or 17.Rc2)} Qa4 {exchanging the bishops and obtaining an active position for
his queen.}) (17. Rcc1 {(or 17.Rc4)} Qe6 18. Bh6 Rfc8 {and Black has no
problems.}) 17... Qd8 $1 {An only but sufficient defence.} 18. Bxd4 (18. Bg5
Bxf2+ $5 19. Kxf2 Qxd1 20. Bh6 Qd4+ $11) 18... Qxf6 19. Rxf6 Rfd8 {the point!}
20. Kf1 Rac8 21. Ra6 Rxd4 (21... Rc7 {was less convincing:} 22. Ra4 Rcd7 23.
Ke2 exd4 24. Rd2 $1 $14 {/\ 25.Kd3} (24. Kd3 Rc7)) 22. Rxd4 exd4 23. Rxa7 d3
24. Ke1 Rc1+ (24... Rc2 {was possible, too:} 25. Rd7 Rxa2 26. Rxd3 h5 $11) 25.
Kd2 Rf1 (25... Rc2+ 26. Ke3 Re2+ 27. Kf3) 26. f3 Rf2+ 27. Kxd3 Rxg2 28. h4 Rf2
29. Ke3 Rh2 {Black has enough time to restore the material balance and bring
his rook back to a1.} 30. a4 Rxh4 31. a5 Rh1 32. Kf4 Ra1 33. a6 Ra5 34. e5 h6
35. Ra8+ Kg7 36. Ra7 Kg8 37. Ra8+ Kg7 38. a7 g5+ 39. Kg3 Ra3 40. Kg2 h5 41. Kh2
Ra2+ 42. Kg1 h4 43. Kh1 h3 44. Kg1 Kh7 45. Kh1 Kg7 46. Kg1 1/2-1/2

[Event "Hastings 00 75th"]
[Site "Hastings"]
[Date "2000.01.09"]
[Round "6"]
[White "Krush, Irina"]
[Black "Lalic, Bogdan"]
[Result "0-1"]
[WhiteElo "2399"]
[BlackElo "2548"]
[Annotator "Krasenkow,M"]
[PlyCount "112"]
[EventDate "2000.01.04"]
[EventType "tourn"]
[EventRounds "9"]
[EventCountry "ENG"]
[EventCategory "13"]
[SourceTitle "CBM 075"]
[Source "ChessBase"]
[SourceDate "2000.04.05"]
[SourceVersion "1"]
[SourceVersionDate "2000.04.05"]
[SourceQuality "1"]

1. d4 Nf6 2. c4 g6 3. Nc3 d5 4. cxd5 Nxd5 5. e4 Nxc3 6. bxc3 Bg7 7. Be3 c5 8.
Qd2 cxd4 9. cxd4 Nc6 10. Rd1 Bg4 {An idea of GM Mark Tseitlin.} 11. f3 (11. Be2
Bxe2 12. Nxe2 O-O (12... Na5 {-see Lputian-Kasparov in this issue.}) 13. O-O e6
$1 14. d5 (14. Bh6 Qa5 15. Bxg7 Qxd2 16. Rxd2 Kxg7 $11 {Lalic}) 14... exd5 15.
exd5 Ne5 16. Qb4 Qd7 17. Qb3 Rfe8 18. h3 $6 (18. Rfe1 {[%cal Ge1e8]} b5 19. Bd4
) 18... b5 19. Nd4 a6 20. Bf4 Nc4 21. Nc6 $2 (21. Qf3 Nb2 22. Rd2 Nc4 $11 {
Lalic}) 21... Re4 $1 $17 {[%cal Ge8e1] 0-1 Kozul,Z-Avrukh,B/Beograd 1999 (40)
-Inf.74/471, CBM69}) 11... Bd7 {Now the f3 pawn is placed awkwardly.} 12. Bb5 {
Exchanging this bishop is hardly a good idea.} (12. d5 Ne5 13. Bd4 (13. f4 Ng4
14. Bd4 Bxd4 15. Qxd4 O-O $13 16. h3 $140 $2 e5 $1 {/\ Qh4 Lalic}) 13... O-O
14. f4 Ng4 15. Bxg7 Kxg7 16. Qd4+ Kg8 17. h3 e5 18. Qd3 Qa5+ 19. Qd2 Qxd2+ 20.
Rxd2 Nf6 21. fxe5 Nxe4 22. Rd4 Ng3 23. Rh2 Rac8 $36 {Vasilevich,T-Tseitlin,M/
Berliner Sommer 1997/1/2-1/2 (53)}) (12. Bd3 $142) 12... O-O 13. Ne2 Na5 $1 {
Didn't White see this move?} 14. Bxd7 (14. Bd3 Rc8 {[%cal Ya5c4]}) 14... Nc4
15. Qc3 Nxe3 16. Qxe3 Qxd7 $15 {In such kind of positions, with an asimmetric
pawn structure, Black's bishop is stronger than White's knight. Besides, Black
has more possibilities to seize the c-file. White's trump is his space
advantage in the centre.} 17. O-O Rac8 18. Rd2 {Giving up the c-file but
planning to create kingside counterplay.} (18. Rc1 Qa4 {[%csl Ra2,Rd4]} 19. Qd2
b5 $36) (18. Qb3 b5 {[%cal Yc8c4]}) 18... b5 19. f4 e6 20. e5 {[%cal Ye2g3,
Yg3e4,Ye2c3,Yc3e4] White wants to activate his knight.} Rc4 21. Nc3 {[%cal
Rd4d5]} f6 $1 {An important move. 22...fxe5 is not threatened yet but that
possibility eliminates White's attempts of active counterplay like d4-d5.} 22.
Rfd1 {Not a very useful move.} (22. d5 {now opens up the position in favour of
the black bishop:} fxe5 23. fxe5 Rxf1+ 24. Kxf1 exd5 25. e6 (25. Nxd5 Qf5+)
25... Qe7 26. Nxd5 Rc1+ 27. Kf2 Qh4+ 28. Qg3 Bd4+ $19) (22. Ne4 $142 Qd5 $15 (
22... fxe5 $6 {is too early:} 23. fxe5 Rxf1+ 24. Kxf1 Rc1+ (24... Bxe5 25. dxe5
Rxe4 26. Rxd7 Rxe3 27. Rxa7 Rxe5 28. a4 {and the endgame is drawn}) 25. Kf2))
22... b4 23. Ne4 Qd5 24. Nd6 $6 {An optimistic move. It was probably better to
exchange the black bishop.} (24. exf6 Bxf6 25. Nxf6+ Rxf6 $15) 24... Rc3 25.
Qe4 fxe5 26. Qxd5 $6 (26. dxe5 {was better to keep the g7 bishop out of play.}
Qc5+ (26... Qxe4 27. Nxe4 Rc4 28. Ng5) 27. Kh1 a5 $1 $15 {[%cal Ya5a4,Yb4b3]} (
27... Re3 28. Qd4 Qxd4 29. Rxd4 g5 30. g3)) 26... exd5 27. fxe5 {Now the black
bishop (at last!) enters the game through h6-e3 but after} (27. dxe5 Rxf4 28.
g3 Rff3 29. Rxd5 Rc2 {[%cal Ga2h2,Gg7e5] it becomes quite strong, too.}) 27...
Bh6 28. Re2 Be3+ 29. Kh1 Rd3 {Did White overlook this trick?} 30. Rde1 Rf2 $1 {
After the exchange of a pair of rooks the black king can enter the game, too.}
(30... Bf2 31. Rb1 Bxd4 32. e6 Bc5 33. e7 Bxd6 34. exf8=Q+ Bxf8 $11) 31. g3
Rxe2 32. Rxe2 Kf8 $1 {holding White's e-pawn} 33. Re1 Bxd4 (33... Ke7 $5 $17)
34. e6 Re3 35. Rd1 Bc5 {Black needn't exchange his bishop.} (35... Bc3 36. Rxd5
Rxe6 $19) 36. Rxd5 Bxd6 37. Rxd6 Ra3 38. Rd2 Ke7 39. Re2 Ra6 (39... a5 {
was probably more accurate:} 40. Kg1 Rd3 41. Kf1 Rd1+ 42. Kf2 Rd6 $19 43. Re5
Rd2+) 40. Re4 Rxa2 41. Rxb4 Kxe6 {This endgame is more difficult than the one
in the previous line but still winning for Black, thanks to the poor position
of the white king. Besides, White plays badly.} 42. Rb7 $6 (42. Kg1 $142 {
improving the king's position.}) 42... h5 43. Rg7 Kf5 44. Rf7+ Ke5 45. Rg7 Kf6
46. Rc7 a5 47. Rc6+ Kf5 48. Rc5+ Ke4 49. Rc6 g5 50. Rc5 Kf3 51. h3 (51. Rc3+
Kf2 {-that's why White should have played Kh1-g1 earlier.}) 51... g4 52. Rc3+
Kf2 53. hxg4 hxg4 {White's rook is now tied to his g3 pawn.} 54. Rb3 a4 55. Rc3
Rb2 56. Ra3 Rb4 {and the black king comes to support his a-pawn.} 0-1